TB.OF COMMUNITY MEDICINE (Record no. 19634)

MARC details
000 -LEADER
fixed length control field 00354nam a22001577a 4500
003 - CONTROL NUMBER IDENTIFIER
control field SGT
020 ## - INTERNATIONAL STANDARD BOOK NUMBER
International Standard Book Number 978-93-88696-28-9
082 ## - DEWEY DECIMAL CLASSIFICATION NUMBER
Classification number 614
Item number C19B
100 ## - MAIN ENTRY--PERSONAL NAME
Personal name BHALWAR, RAJVIR
245 ## - TITLE STATEMENT
Title TB.OF COMMUNITY MEDICINE
250 ## - EDITION STATEMENT
Edition statement 3RD
260 ## - PUBLICATION, DISTRIBUTION, ETC. (IMPRINT)
Place of publication, distribution, etc INDIA
Name of publisher, distributor, etc WOLTERS KLUWER
Year of Publication 2019
300 ## - PAGE DESCRIPTION
No. of Pages 1113
650 ## - SUBJECT ADDED ENTRY--TOPICAL TERM
Topical term or geographic name as entry element COMMUNITY MEDICINE
942 ## - ADDED ENTRY ELEMENTS (KOHA)
Source of classification or shelving scheme Dewey Decimal Classification
Koha item type Books
942 ## - ADDED ENTRY ELEMENTS (KOHA)
-- 4
Holdings
Withdrawn status Lost status Source of classification or shelving scheme Damaged status Not for loan Collection code Home library Current library Shelving location Date acquired Vendor Name Cost, normal purchase price SGTU Bill Number Total Checkouts Full call number Accession No. (Barcode) Date last seen Date last borrowed Bill Date Koha item type
    Dewey Decimal Classification     MEDICAL SGT Medical Library SGT Medical Library Reference Book 30/12/2019 ABC DELHI 1350.00 SGTU 11576 4 614 C19B FM11886 30/09/2024 18/09/2024 14/11/2019 Books
    Dewey Decimal Classification   Not For Loan MEDICAL SGT Medical Library SGT Medical Library Reference Book 30/12/2019 ABC DELHI 1350.00 SGTU 11576   614 C19B FM11887 30/12/2019   14/11/2019 Books